Cours elementaire de morale (Запис номер 390777)
[ съкратено ]
| 000 -Лидер | |
|---|---|
| Контролно поле с фиксирана дължина | nam a22 c 4500 |
| 003 - Код на организацията, давaща контролен номер | |
| Контролно поле | BLK |
| 005 - Дата и час на последна редакция | |
| Контролно поле | 20201028132419.0 |
| 008 - Елементи от данни с фиксирана дължина | |
| fixed length control field | 180410b bul|||||r ||||||| ||bul|| |
| 010 ## - Наследен системен номер | |
| LC control number | KNG00168535000 |
| 040 ## - Източник на каталожния запис | |
| Идентификатор на билиотеката - собственик на записа | BLK |
| 041 ## - Код за език | |
| Код за езика на текст/звукозапис или на отделно заглавие | Френски |
| Код за езика КДБФ | Френски |
| 072 #7 - Код за тематичната категория | |
| Код организация | bullib |
| Код за тематична категория | Ц |
| Текст | Редки и ценни |
| 080 ## - УДК | |
| Текстов определител УДК | Морал и общество. Човешки отношения. Уважение. Независимост. Вж и 395 |
| УДК код - определител по УДК | 177 |
| УДК - код + определител | 177 |
| 100 ## - Редна дума - Автор | |
| Автор | Pontsevrez, Paul de |
| Авторска отговорност | първи автор |
| R(LIN) | 435713 |
| 139 ## - Редно поле | |
| Редна дума | Pontsevrez, Paul de |
| 245 10 - Сведения за заглавието | |
| Заглавие | Cours elementaire de morale |
| Редно поле (дума) | Paul de Pontsevrez. |
| Подзаглавни данни | Morale pratique, principes generaux de la morale, theorie des methodes scientifiques. |
| 257 ## - Страна на издаване | |
| Страна на създаване/издаване | Франция |
| 260 ## - Област на издателските данни | |
| Място на издаване, разпространение и проч. | Paris |
| Име на издателя, разпространителя и проч. | Libr. Hachette |
| Година на издаване | 1883 |
| 9 (RLIN) | 215648 |
| 300 ## - Физическа характеристика | |
| Страници | 421 с. |
| Размери/Мащаб | 18 см |
| 380 ## - Жанр | |
| Жанр | Философия |
| 490 ## - СЕРИИ (Колекции) | |
| Име на серия | Колекция Редки и ценни издания |
| 9 (RLIN) | 435080 |
| 650 #4 - Допълнително описание по предмет – тема | |
| Основно описание – тема или топоним | Морал - философски проблеми |
| 9 (RLIN) | 252066 |
| 653 ## - Ключова дума – ненормативна | |
| Ключова дума | морал |
| 653 ## - Ключова дума – ненормативна | |
| Ключова дума | нравственост |
| 659 ## - Тематичен бюлетин | |
| Тематичен бюлетин | Ц |
| 852 ## - Местоположение | |
| Форматна сигнатура | Рф 883 |
| Фондова буква | Редки и ценни |
| 856 4# - Електронен адрес и достъп | |
| Електронен формат | pdf - файл |
| 856 4# - Електронен адрес и достъп | |
| Електронен формат | pdf - файл |
| 999 ## - СИСТЕМНИ КОНТРОЛНИ НОМЕРА | |
| Koha biblionumber | 390777 |
| Koha biblioitemnumber | 390777 |
| 942 ## - АРТИКУЛИ | |
| Вид на библиотечния материал | Книги |
| Скрит в OPAC | Не |
| Периодичен библиозапис | Да |
| 944 ## - СЪЗДАВАНЕ И РЕДАКЦИЯ на ЗАПИСА | |
| Създаване/Редакция | Създаване |
| Дата на регистрацията/редакция | 2020-10-28 |
| Служител, извършил регистрацията/редакцията | TD |
| 944 ## - СЪЗДАВАНЕ И РЕДАКЦИЯ на ЗАПИСА | |
| Създаване/Редакция | Редакция |
| Дата на регистрацията/редакция | 10.12.2014 |
| Служител, извършил регистрацията/редакцията | Наталия_Медовщикова |
| 999 ## - СИСТЕМНИ КОНТРОЛНИ НОМЕРА | |
| Koha biblioitemnumber | 390777 |
| 999 ## - СИСТЕМНИ КОНТРОЛНИ НОМЕРА | |
| Koha biblioitemnumber | 161228 |
| 999 ## - СИСТЕМНИ КОНТРОЛНИ НОМЕРА | |
| Koha biblioitemnumber | 161228 |
| 999 ## - СИСТЕМНИ КОНТРОЛНИ НОМЕРА | |
| Koha biblioitemnumber | 161228 |
| 999 ## - СИСТЕМНИ КОНТРОЛНИ НОМЕРА | |
| Koha biblioitemnumber | 161228 |
| Код за отписване | Код за изгубен артикул | Източник на класификационната схема | Код за повреда | Коз за рестрикции | Код за отдаване | Артикулен № | Име на библиотеката - собственик | Име на библиотеката, в която се намира в момента | Статус (Текущо местоположение) | Дата на вписване в системата | Местоположение - отдел | Цена в лева | Инвентарен номер | Систематично азбучна сигнатура | Баркод | Цена в евро | Служебен тип на артикула |
|---|---|---|---|---|---|---|---|---|---|---|---|---|---|---|---|---|---|
| Не е изгубен | Universal Decimal Classification | Не е повреден | само за читалня | Специални фондове ( старопечатни, редки и ценни, фонд М. Арнаудов) | 804362 | Регионална библиотека "Любен Каравелов" Русе | Регионална библиотека "Любен Каравелов" Русе | Редки и ценни | 2020-10-30 | Редки и ценни | 0.32 | 32266 | Рф 883 | 900000037772 | 0.16 | Книги |